000 00740nam a22002057a 4500
999 _c178621
_d178621
005 20210408125808.0
010 _aENG-129400
020 _c195.00
_a978-93-88016-37-7
035 _aEN-112932
037 _bDBAD/PUB
082 _a530.1
100 _aG. Padma Tulasi
245 _aPedagogy of Physical Sciences/
_bG. Padma Tulasi, M. Vanaja and Buchi Reddy P.
260 _aNew Delhi
_bNeelkamal Publications
_c2019
270 _a4764/1, 23, Ansari Road, Daryaganj
_bNew Delhi
_e110002
_k011-23244237, 98118-28953
_mneelkamalbooks@gmail.com
300 _aix+230p.
_c24cm(pbk)
_bincluding bibliographical references and illustrations
700 _aVanaja, M.
700 _aBuchi Reddy P.
942 _2ddc
_cEN
_h530.1
_mGPA